Sports Quiz

Random Sports or Numbers Quiz
Score 0/43 Timer 05:00
0 Plays Today
Squad Number Player % Correct
10Wayne Rooney
98.6%
1Edwin van der Sar
98.4%
5Rio Ferdinand
97%
11Ryan Giggs
96.8%
15Nemanja Vidic
96.2%
17Nani
96.1%
3Patrice Evra
95.7%
9Dimitar Berbatov
94.9%
13Park Ji-Sung
93.2%
2Gary Neville
92.4%
18Paul Scholes
92.1%
8Anderson
91.7%
16Michael Carrick
89.4%
24Darren Fletcher
89.3%
21Rafael da Silva
87.1%
25Antonio Valencia
87%
7Michael Owen
86.3%
20Fabio da Silva
86.2%
22John O'Shea
84.5%
23Jonny Evans
84.3%
31Corry Evans
83.9%
6Wes Brown
80.8%
Squad Number Player % Correct
27Federico Macheda
76.2%
4Owen Hargreaves
73.7%
19Danny Welbeck
69.4%
14Zoran Tosic
68.6%
12Ben Foster
65.7%
28Darron Gibson
61.6%
26Gabriel Obertan
59%
32Mame Biram Diouf
54.2%
29Tomasz Kuszczak
49.5%
30Ritchie De Laet
47.4%
38Ron-Robert Zieler
27.6%
40Ben Amos
25.7%
41Joshua King
25.1%
37Craig Cathcart
23.6%
36David Gray
17.8%
42Magnus Wolff Eikrem
16.7%
45Oliver Gill
14.2%
47Oliver Norwood
10.6%
43Matthew James
10.2%
44Joe Dudgeon
7.1%
46Cameron Stuart
4.9%

You're not logged in!

Compare scores with friends on all Sporcle quizzes.
OR
Log In

Sporcle TV

Today on Sporcle TV


Watch our educational content, quiz creation guides, and fun videos on Sporcle TV.

Show Comments

Extras

Top Quizzes Today


Score Distribution

Paid Content

Your Account Isn't Verified!

In order to create a playlist on Sporcle, you need to verify the email address you used during registration. Go to your Sporcle Settings to finish the process.

Report this User

Report this user for behavior that violates our Community Guidelines.

Details: